000
00283nam a2200121Ia 4500
008
190216s9999||||xx |||||||||||||| ||und||
100
_a
Kumar. Hd
245
0
_a
Modern Concepts Of Ecology
260
_b
Vikas Publishing House
_c
1977
300
_a
201p
650
_a
Botany
942
_c
BK
999
_c
1331
_d
1331